[Event "Como Province-ch"]
[Site "Villa Guardia"]
[Date "2013.01.20"]
[Round "2"]
[White "Rossini, Gianluca"]
[Black "Ghelfi, Giancarlo"]
[Result "1-0"]
[WhiteElo "1368"]
[BlackElo "1642"]
[PlyCount "107"]
[EventDate "2013.01.19"]
[EventType "swiss"]
[EventRounds "6"]
[EventCountry "ITA"]
[SourceTitle "EXT 2014"]
[Source "ChessBase"]
[SourceDate "2013.11.20"]
[SourceVersion "1"]
[SourceVersionDate "2013.11.20"]
[SourceQuality "1"]

1. d4 Nf6 2. c4 g6 3. Nc3 Bg7 4. e4 d6 5. Nf3 Nbd7 6. Bd3 0-0 7. 0-0 e5 8. d5 a5 9. Bg5 h6 10. Be3 Nc5 11. Bc2 Ne8 12. Ne1 f5 13. f3 f4 14. Bf2 Bf6 15. Nd3 Nxd3 16. Qxd3 Bh4 17. Rac1 Qg5 18. Bxh4 Qxh4 19. Qe2 Ng7 20. Qf2 Qg5 21. c5 Ne8 22. cxd6 Nxd6 23. Qc5 Bh3 24. Rf2 Rf7 25. Nb5 b6 26. Qc6 Bd7 27. Qxa8+ Rf8 28. Qa7 Nxb5 29. Qb7 h5 30. a4 Nd4 31. Qxc7 Bh3 32. Qc3 Rc8 33. Qd2 Bd7 34. Bd1 Rf8 35. Rc7 Qd8 36. Qc3 Kh7 37. Rc4 Qf6 38. Rd2 Kh6 39. Rdxd4 exd4 40. Qxd4 Qxd4+ 41. Rxd4 Rc8 42. Kf2 Rc1 43. e5 Rb1 44. b3 Rb2+ 45. Kf1 Rb1 46. e6 Bc8 47. e7 Bd7 48. Ke2 Kg7 49. Rc4 g5 50. Rc7 Rb2+ 51. Kd3 Be8 52. d6 Bg6+ 53. Kc3 Rb1 54. e8Q+ 1-0